ТПУ и ТНХК: опыт сотрудничества и новый подход в условиях рыночной экономики; Томский политехник; Вып. 9
| Parent link: | Томский политехник: ежегодный журнал/ Томский политехнический университет (ТПУ), Ассоциация выпускников.— , 1995- Вып. 9.— 2003.— [С. 98-103] |
|---|---|
| 1. autor: | |
| Kolejni autorzy: | , |
| Streszczenie: | Заглавие с титульного листа Электронная версия печатной публикации |
| Język: | rosyjski angielski |
| Wydane: |
2003
|
| Seria: | Точка зрения |
| Hasła przedmiotowe: | |
| Dostęp online: | Цветная версия без потери качества |
| Format: | Elektroniczne Rozdział |
| KOHA link: | https://koha.lib.tpu.ru/cgi-bin/koha/opac-detail.pl?biblionumber=198610 |
MARC
| LEADER | 00000nla2a2200000 4500 | ||
|---|---|---|---|
| 001 | 198610 | ||
| 005 | 20231031184028.0 | ||
| 035 | |a (RuTPU)RU\TPU\book\216610 | ||
| 035 | |a RU\TPU\book\216606 | ||
| 090 | |a 198610 | ||
| 100 | |a 20110701d2003 km y0rusy50 ca | ||
| 101 | 0 | |a rus |a eng | |
| 102 | |a RU | ||
| 135 | |a drnn ---uucaa | ||
| 181 | 0 | |a i | |
| 182 | 0 | |a b | |
| 200 | 1 | |a ТПУ и ТНХК: опыт сотрудничества и новый подход в условиях рыночной экономики |b Электронный ресурс |d TPU's links with Tomsk Chemical Plant (TCP) and a new style of cooperation in the free-market economy |f В. Горностаев, А. Димитров, В. Кузнецов | |
| 203 | |a Текст |c электронный | ||
| 215 | |a 1 файл (14.7 Мб) | ||
| 225 | 1 | |a Точка зрения | |
| 230 | |a Электронные текстовые данные (1 файл : 14.7 Мб) | ||
| 300 | |a Заглавие с титульного листа | ||
| 300 | |a Электронная версия печатной публикации | ||
| 337 | |a Adobe Reader | ||
| 461 | 1 | |0 (RuTPU)RU\TPU\book\202435 |t Томский политехник |o ежегодный журнал |f Томский политехнический университет (ТПУ), Ассоциация выпускников |d 1995- | |
| 463 | 1 | |0 (RuTPU)RU\TPU\book\216513 |t Вып. 9 |v [С. 98-103] |d 2003 |p 183 с. | |
| 510 | 1 | |a TPU's links with Tomsk Chemical Plant (TCP) and a new style of cooperation in the free-market economy |z eng | |
| 601 | 0 | 2 | |a Томский политехнический университет (ТПУ) |c (1991-2009) |2 stltpush |3 (RuTPU)RU\TPU\col\376 |
| 601 | 0 | 2 | |a Томский нефтехимический комбинат (ТНХК) |2 stltpush |3 (RuTPU)RU\TPU\col\223 |
| 610 | 1 | |a сотрудничество | |
| 610 | 1 | |a новые подходы | |
| 610 | 1 | |a рыночная экономика | |
| 610 | 1 | |a электронный ресурс | |
| 700 | 1 | |a Горностаев |b В. |g Виктор | |
| 701 | 1 | |a Димитров |b А. |g Александр | |
| 701 | 1 | |a Кузнецов |b В. |g Вячеслав | |
| 801 | 1 | |a RU |b 63413507 |c 20101101 | |
| 801 | 2 | |a RU |b 63413507 |c 20111031 |g RCR | |
| 856 | 4 | |u http://www.lib.tpu.ru/fulltext/v/Tomsk_polytechnic/2003/N9a13_full.pdf |z Цветная версия без потери качества | |
| 942 | |c CF | ||